Statistics for 121 Pixar Characters

Click here to take the quiz!

General Stats

  • This quiz has been taken 4,562 times
    (4,539 since last reset)
  • The average score is 47 of 121

Answer Stats

#HintMovieAnswer% Correct
4Boy who loves to play with his toys, not knowing they're alive.Toy StoryAndy
88%
16Intergalactic Space Ranger from Star Command.Toy StoryBuzz Lightyear
87%
62Cowgirl doll who doesn't want to go back into storage.Toy Story 2Jessie
83%
31Blue fish that has short term memory loss, but is able to read.Finding NemoDory
82%
112-year-old girl that sneaks into the monster world.Monsters Inc.Boo
80%
83Green, one-eyed monster who helps bring the human home.Monsters Inc.Mike Wazowski
79%
121Cowboy doll who is usually the leader of the toys.Toy StoryWoody
77%
34Has the power to stretch or reshape her body.The IncrediblesElastigirl/Helen Parr
75%
91Clownfish who gets caught in a net and ends up in a fish tank at a dentist office in Sydney.Finding NemoNemo
75%
61Blue and furry monster who accidently releases a child into the monster world, and tries to put it back.Monsters Inc.James P. Sullivan
74%
69Famous racecar that only cares about winning the Piston Cup, until he stumbles upon a town.CarsLightning McQueen
74%
119Robot left on Earth that collects trash and turns them into cubes.WALL-EWALL-E
72%
80Tow truck that becomes best friends with the racecar.CarsMater
71%
14A toy horse who "Runs like the wind."Toy Story 2Bullseye
70%
27Boy with the power of superspeed.The IncrediblesDash Parr
70%
86Superhero who is super strong.The IncrediblesMr. Incredible/Robert Parr
69%
39White robot who goes to Earth to try to find a plant.WALL-EEVE
68%
18Man who lifted his house in the air using balloons.UpCarl Fredrickson
67%
87Potato toy with interchangable parts.Toy StoryMr. Potato Head
67%
46Friend of the superhero family that has the power to freeze things.The IncrediblesFrozone/Lucius Best
64%
8A girls doll.Toy Story 2Barbie
63%
78Father of lost clownfish who searches everywhere for his son.Finding NemoMarlin
63%
101Rat that knows how to cook.RatatouilleRemy
63%
90Wife of the potato toy, and is also a potato toy.Toy Story 2Mrs. Potato Head
62%
102Dinosaur toy that isn't scary at all and is a little clumsy.Toy StoryRex
62%
118Girl with the power of invisibility and can generate a force field.The IncrediblesViolet Parr
62%
12Shark that has the motto "Fish are friends, not food."Finding NemoBruce
61%
2Man who goes to Japan to sell his rare toys.Toy Story 2Al
60%
33Makes special suits for the superhero family.The IncrediblesEdna Mode
60%
59Baby of the superhero family that can light himself on fire, shapeshift, teleport, laser eyes, and more.The IncrediblesJack-Jack Parr
59%
111Toy dog with a slinky body.Toy StorySlinky Dog
59%
109Boy who loves to torture toys.Toy StorySid
57%
115Villain against the superhero family who doesn't have powers, but he uses advanced technology.The IncrediblesSyndrome/Buddy Pine
57%
82Orange-haired princess who uses a bow and doesn't want to get married.BraveMerida
56%
25Sea turtle that uses the ocean current to travel.Finding NemoCrush
55%
54Piggy bank that has an alter ego, Evil Dr. Porkchop.Toy StoryHamm
55%
98Purple monster who can blend in to his surroundings and tries to cheat to be the top scarer.Monsters Inc.Randall
55%
65Toy doll who insists that he is NOT a girls toy.Toy Story 3Ken
54%
74Pink, strawberry-scented, teddy bear who won't let toys escape Sunnyside DaycareToy Story 3Lots-O'-Huggin'-Bear
52%
29Old time racecar that won 3 piston cups.CarsDoc Hudson
51%
1Monster that lives in the Himalayas.Monsters Inc.Abominable Snowman
50%
42Ant who wants to make a difference for his colony.A Bug's LifeFlik
50%
113Prospector toy who never leaves his box for most of the movie.Toy Story 2Stinky Pete
49%
32Talking dog who befriends a boy and an old man.UpDug
48%
38The archnemisis of the space ranger.Toy Story 2Emperor Zurg
48%
3Man who works at the French restraunt but can't cook.RatatouilleAlfredo Linguini
47%
26Girl that shakes fish in a bag until they die.Finding NemoDarla
47%
36Wife of the old man who dreamed of going to Paradise Falls.UpEllie
47%
43Car that owns a gas station in Radiator Springs.CarsFlo
45%
84Cleaning robot that is annoyed with the trash collecting robot.WALL-EM-O
45%
58Evil grasshopper who terrorizes the ants.A Bug's LifeHopper
43%
66Large, flightless, tropical bird that is named by the boy scout.UpKevin
43%
75Yellow Italian car who owns a tire shop in Radiator SpringsCarsLuigi
42%
6Owner of the French restraunt.RatatouilleAuguste Gusteau
41%
105Boy scout who accidently joins the old man on his adventure.UpRussell
40%
106Car who owns a cone-like motel in Radiator Springs.CarsSally
40%
89Stingray who is the school teacher of the lost clownfish.Finding NemoMr. Ray
38%
112Son of the sea turtle.Finding NemoSquirt
38%
22Racecar that always cheats to try to win the races.CarsChick Hicks
37%
76Large semi-truck that drives the famous racecar to his next race.CarsMack
37%
5A Food Critic in the French Restraunt.RatatouilleAnton Ego
36%
10Villain that uses bombs as a primary weapon.The IncrediblesBomb Voyage
36%
120Penguin toy that lost his squeaker.Toy Story 2Wheezy
36%
13Yellow fish that is obssesed with bubbles.Finding NemoBubbles
34%
19One eyed monster with with purple snakes for hair.Monsters Inc.Celia
33%
50Fish who always thinks of escape plans to escape the fish tank.Finding NemoGill
32%
85Younger sister of the boy that has the toys.Toy StoryMolly
32%
104Old, grouchy, slug-like monster who is the administrative clerk for Scarefloor F and "#1" in the CDA.Monsters Inc.Roz
31%
41British spy car who uses missiles.Cars 2Finn McMissile
27%
57Spider-like monster that is the owner and manager of Monsters Inc.Monsters Inc.Henry J. Waternoose III
27%
96Younger sister of the ant princess.A Bug's LifePrincess Dot
27%
7A captain's wheel type of robot that tries to prevent the humans from returning to Earth.WALL-EAuto
26%
24Female cook at the French restraunt.RatatouilleCollette
26%
51Forklift truck that is really fast at changing the tires when a racecar does a pit stop.CarsGuido
26%
20Villain who has an army of talking dogs.UpCharles F. Muntz
25%
23Toy clown that tells a story about the stuffed bear that turned bad.Toy Story 3Chuckles
25%
37Brother of the cooking rat. Likes to eat alot.RatatouilleEmile
25%
45Really rusty car that always drops his front bumper.CarsFred
25%
99Remote control car that the toys use to catch up to the moving truck.Toy StoryRC
24%
100Firetruck in Radiator Springs and never speaks.CarsRed
24%
116Triceratops toy that lives in Bonnie's room.Toy Story 3Trixie
24%
97Car who is spanish and owns a paint job shop in Radiator Springs.CarsRamone
23%
107Jeep who owns a surplus store in Radiator Springs and later starts a boot camp.CarsSarge
23%
30Doll that lives in Bonnie's room.Toy Story 3Dolly
22%
60Shrimp who cleans the tank.Finding NemoJacques
22%
40Hippie Volkswagon van that sells organic fuel.CarsFillmore
21%
92Pelican who helps the clownfish find his son.Finding NemoNigel
21%
94Starfish that always sticks to the glass of the fishtank.Finding NemoPeach
21%
15A unicorn toy that lives in Bonnie's room.Toy Story 3Buttercup
19%
17Man who pilots the ship that left earth.WALL-ECaptain B. McCrea
19%
28Fish who says she has a sister named flo, but it's actually just her reflection in the glass.Finding NemoDeb
19%
56Fat caterpillar that is part of the circus bugs.A Bug's LifeHeimlich
19%
88Stuffed hedgehog who lives in Bonnie's room and insists everyone "Stays in character."Toy Story 3Mr. Pricklepants
19%
95Princess of the ant colony.A Bug's LifePrincess Atta
19%
9A pufferfish that seems to always blow up.Finding NemoBloat
18%
64Babysitter for the superhero family.The IncrediblesKari
18%
108Police car for Radiator SpringsCarsSheriff
18%
44Ladybug who is always told he's a girl, but he's a guy and is part of the circus bugs.A Bug's LifeFrancis
17%
48Orange furry monster that seems to always have a "23-19" called on him.Monsters Inc.George
17%
63Man on ship who meets the trash collecting robot.WALL-EJohn
17%
93Flea who owns a circus.A Bug's LifeP.T. Flea
15%
110Short and cranky chef of the French restraunt.RatatouilleSkinner
15%
35The Queen of the Scottish clan.BraveElinor
13%
79Woman on ship who meets the trash collecting robot.WALL-EMary
13%
55The racecars agent that is never shown in the movie, you only hear his voice.CarsHarv
12%
67King of the Scottish clanBraveKing Fergus
12%
68Pair of blue binoculars.Toy StoryLenny
12%
70Old car that owns a bumper sticker store in Radiator Springs.CarsLizzie
12%
114Purple octopus toy that works with the teddy bear.Toy Story 3Stretch
11%
47Red, three-eyed minion of the bad monster.Monsters Inc.Fungus
10%
117Two roly polies who are part of the bug circus. (name one)A Bug's LifeTuck and Roll
10%
77Praying mantis magician who is part of the circus bugs.A Bug's LifeManny
9%
53Moth that is part of the circus bugs.A Bug's LifeGypsy
8%
21Telephone toy that helps the toys escape Sunnyside Daycare.Toy Story 3Chatter Telephone
7%
52Purple and yellow fish that hates germs.Finding NemoGurgle
7%
73Lord of one of the 4 clans who is short, has white hair that stands up, and always loses his temper.BraveLord Dingwall
7%
71Lord of one of the 4 clans who is large and has blond hair that is in 2 small ponytails.BraveLord MacGuffin
7%
72Lord of one of the 4 clans who is skinny and is painted with blue spirals.BraveLord MacIntosh
7%
103Black widow spider and is part of the bug circus.A Bug's LifeRosie
7%
49The grumpy boss of the dad superhero.The IncrediblesGilbert Huph
6%
81Maid in the castle who always sees the bears.BraveMaudi
6%

Score Distribution

Percentile by Number Answered

Percent of People with Each Score

Your Score History

You have not taken this quiz since the last reset